00628cam a22002052 4500001001100000005001700011008004100028020001700069040001500086245006200101250001800163260003500181300001900216490003500235650004500270651003900315651003700354700002800391852000300419000002412020151217155235.0130611s xx 000 0 eng d a9966467238 : aKABUcKABU10aMethodology and African prehistory /ceditor J. Ki-Zerbo. aabridged ed. aNairobi :bE. A. E. P.,c1990. axviii, 349 p.0 aGeneral history of Africa ;vI 0aPrehistoric peopleszAfrica.@0000184086 0aAfricaxHstoriography.@0000184087 0aAfricaxAntiquities.@00001840881 aMokhtar, G.@00001840891